Sports Quiz

Random Sports Quiz

Major League Teams Circa 1905 Quiz Stats

Quiz not verified by Sporcle

Challenge
Share
Tweet
Embed
Score 0/17 Timer 05:00
0 Plays Today
% Correct
Yankees
100%
Reds
96.6%
Athletics
96.6%
Giants
96.6%
Dodgers
96.6%
WhiteSox
93.1%
Phillies
93.1%
Cubs
89.7%
Tigers
89.7%
% Correct
Pirates
89.7%
Braves
86.2%
Cardinals
82.8%
Indians
79.3%
Senators
72.4%
Browns
51.7%
Red Sox
20.7%
0%

You're not logged in!

Compare scores with friends on all Sporcle quizzes.
Sign Up with Email
OR
Log In

You Might Also Like...

Show Comments

Extras

Top Quizzes Today


Score Distribution

Your Account Isn't Verified!

In order to create a playlist on Sporcle, you need to verify the email address you used during registration. Go to your Sporcle Settings to finish the process.

Report this User

Report this user for behavior that violates our Community Guidelines.

Details: